Lord of the Mysteries Character Quiz - Statistics

General Stats
  • This quiz has been taken 143 times
  • The average score is 24 of 33
Answer Stats
Hint Answer % Correct
Protagonist Klein
99%
Poet Leonard
95%
Nighthawk captain Dunn
94%
Protagonist's sister Melissa
94%
Monocle Amon
90%
Backlund's most dazzling gem Audrey
89%
Spirit Medium Daly
87%
Little Sun Derrick
83%
The son of Death Azik
82%
Best dog Susie
81%
God Adam
80%
Magical mirror Arrodes
80%
Protagonist's brother Benson
80%
Old Nighthawk (rip) Old Neil
80%
Collecting his diary Roselle
79%
Author and former Apprentice Fors Wall
78%
Mr. Fool's biggest sycophant Alger
75%
^'s daughter Bernadette
72%
Miss Bodyguard Sharon
71%
Mushrooms Frank
70%
Doll Collector Emlyn
69%
Genderbent Assassin Trissy
69%
Judgement Xio Derecha
68%
Evernight Goddess Amanises
64%
Uses the Quill Ince Zangwill
61%
Admiral Iceberg Edwina Edwards
59%
Miss Messenger Reinette Tinekerr
56%
Pirate Admiral Cattleya
55%
Aurora Order Oracle Mr. A
54%
Corpse Collecter Frye
53%
^'s friend Maric
53%
Nighthawk who dies fighting a demoness Kenley
47%
Sequence 8 Nighthawk Seeka
24%
No matching quizzes found
Score Distribution
Percent of People with Each Score
Percentile by Number Answered
Your Score History
You have not taken this quiz